Word Ladder: Serenity's Mechanic Quiz Stats

Quiz Updated Nov 27, 2015

Challenge
Share
Tweet
Embed
Score 0/12 Timer 01:30
1 Play Today
Hint 3-Letter Word % Correct
● Mesh used to catch fish ●● NET ●
96.7%
● Emerge victorious ●● WIN ●
96.4%
● Cook in oil ●● FRY ●
95.8%
30 Rock creator TinaFEY
94.5%
Fixed service chargeFEE
90.4%
● Mary ___ cosmetics ●● KAY ●
87.8%
Pale or sicklyWAN
87.7%
Track or pathWAY
87.6%
Louse eggNIT
87%
Reasoning powerWIT
86.1%
Tennis serve that clips the netLET
79.4%
● Sheltered side ●● LEE ●
79%

Today's Daily Dose

Word Ladder
'90s Movies

Quick Pick
'Fire' Movies

On This Day
June 19th II

You're not logged in!

Compare scores with friends on all Sporcle quizzes.
Join for Free
OR
Log In

You Might Also Like...

Show Comments

Extras

Top Quizzes Today


Score Distribution

Your Account Isn't Verified!

In order to create a playlist on Sporcle, you need to verify the email address you used during registration. Go to your Sporcle Settings to finish the process.

Report this User

Report this user for behavior that violates our Community Guidelines.

Details: